| 000 | 01089njm a22003017a 4500 | ||
|---|---|---|---|
| 005 | 20100914152621.0 | ||
| 007 | sd ammalaaahaa | ||
| 008 | 100913t xxu||||| |||| 00| 0 hin d | ||
| 028 |
_aECSD 2955 _bHis Master's Voice |
||
| 035 | _aGR-05764 | ||
| 040 | _aSED/VEN | ||
| 100 |
_aSagar, Preeti _91184 |
||
| 245 |
_aHeartbeat / _cby Preeti Sagar ;Lyrics by Raajesh Johri ; Music by Vijay kumar _h[sound recording] : |
||
| 246 | _aHeartbeat | ||
| 260 |
_aDum Dum India _bHis Master's Voice _c1984 |
||
| 300 |
_a1 sound disc [Gramophone record] : _banalog, 33 1/3 rpm _c12.5 in. (LP) _fGramophone Record |
||
| 500 | _aBrief Record | ||
| 500 | _aRecord label :His Master's Voice, Red | ||
| 505 | _aSide 1 Khushiyon ki sham aai Side 2 Aa bhi ja mere sanam | ||
| 600 |
_aSagar, Preeti _919992 |
||
| 650 |
_aHindi film Song _xExcerpts _zIndia _919603 |
||
| 700 |
_919604 _aVijay Kumar |
||
| 700 |
_919605 _aJohri, Raajesh |
||
| 700 | _920913 | ||
| 700 | _920914 | ||
| 942 |
_2ddc _cGR |
||
| 999 |
_c47361 _d47361 |
||